Catálogo

Educar en el federalismo : (Registro nro. 26782)

Detalles MARC
000 -LEADER
fixed length control field 00575cam a2200229 i 4500
001 - CONTROL NUMBER
control field 26782
003 - CONTROL NUMBER IDENTIFIER
control field Mx-PuUPA
005 - DATE AND TIME OF LATEST TRANSACTION
control field 20231024133505.0
008 - FIXED-LENGTH DATA ELEMENTS--GENERAL INFORMATION
fixed length control field 140415s2000 000 0 spa d
020 ## - INTERNATIONAL STANDARD BOOK NUMBER
International Standard Book Number 9685087253
040 ## - CATALOGING SOURCE
Transcribing agency Mx-PuUPA
041 ## - LANGUAGE CODE
Language code of text/sound track or separate title spa
082 ## - DEWEY DECIMAL CLASSIFICATION NUMBER
Classification number
Item number
100 1# - MAIN ENTRY--PERSONAL NAME
Personal name Gómez Álvarez, David
245 10 - TITLE STATEMENT
Title Educar en el federalismo :
Remainder of title la política de descentralización educativa en México
260 ## - PUBLICATION, DISTRIBUTION, ETC.
Place of publication, distribution, etc.
Name of publisher, distributor, etc.
Date of publication, distribution, etc.
300 ## - PHYSICAL DESCRIPTION
Extent 191 páginas :
Other physical details tablas ;
Dimensions 23 cm
502 ## - DISSERTATION NOTE
Dissertation note
650 17 - SUBJECT ADDED ENTRY--TOPICAL TERM
Topical term or geographic name entry element
700 1# - ADDED ENTRY--PERSONAL NAME
Personal name
Relator term
942 ## - ADDED ENTRY ELEMENTS (KOHA)
Source of classification or shelving scheme Dewey Decimal Classification
Koha item type Libro
Classification part x
Item part x
Suppress in OPAC
Existencias
Withdrawn status Lost status Source of classification or shelving scheme Damaged status Not for loan Collection code Home library Current library Shelving location Date acquired Source of acquisition Total Checkouts Full call number Barcode Price effective from Koha item type
    Dewey Decimal Classification   En catalogación General Biblioteca Karol Wojtyla Biblioteca Karol Wojtyla Procesos técnicos 03/12/2013 Donación   XXX PT 49756 03/12/2013 Libro